Bury my heart at conference room B : (Record no. 40276)

MARC details
000 -LEADER
campo de control de longitud fija 03771cam a2200421 a 4500
001 - NÚMERO DE CONTROL
campo de control 110691
005 - FECHA Y HORA DE LA ÚLTIMA TRANSACCIÓN
campo de control 20230410115407.0
008 - DATOS DE LONGITUD FIJA--INFORMACIÓN GENERAL
campo de control de longitud fija 100304s2010 nyua 001 0 eng
035 ## - NÚMERO DE CONTROL DEL SISTEMA
Número de control de sistema 16118076
010 ## - NÚMERO DE CONTROL DE LA BIBLIOTECA DEL CONGRESO
Número de control de LC 2010005388
020 ## - NÚMERO INTERNACIONAL ESTÁNDAR DEL LIBRO
Número Internacional Estándar del Libro 9781591843245
020 ## - NÚMERO INTERNACIONAL ESTÁNDAR DEL LIBRO
Número Internacional Estándar del Libro 1591843243
035 ## - NÚMERO DE CONTROL DEL SISTEMA
Número de control de sistema (OCoLC)ocn457151354
040 ## - FUENTE DE CATALOGACIÓN
Centro catalogador/agencia de origen DLC
Centro/agencia transcriptor DLC
Centro/agencia modificador YDX
-- BTCTA
-- YDXCP
-- ZPP
-- IHV
-- B2A
-- CDX
-- VP@
-- BUR
-- EEK
-- DLC
050 14 - SIGNATURA TOPOGRÁFICA DE LA BIBLIOTECA DEL CONGRESO
Número de clasificación HD 31
Número de ítem S631b 2010
082 00 - NÚMERO DE LA CLASIFICACIÓN DECIMAL DEWEY
Número de clasificación 658.4/09
100 1# - ENTRADA PRINCIPAL--NOMBRE DE PERSONA
Nombre de persona Slap, Stan.
245 10 - MENCIÓN DEL TÍTULO
Título Bury my heart at conference room B :
Resto del título the unbeatable impact of truly committed managers /
Mención de responsabilidad, etc. Stan Slap.
260 ## - PUBLICACIÓN, DISTRIBUCIÓN, ETC.
Lugar de publicación, distribución, etc. New York :
Nombre del editor, distribuidor, etc. Portfolio Penguin,
Fecha de publicación, distribución, etc. 2010.
300 ## - DESCRIPCIÓN FÍSICA
Extensión xv, 234, [22] p. :
Otras características físicas ill. ;
Dimensiones 24 cm.
504 ## - NOTA DE BIBLIOGRAFÍA, ETC.
Nota de bibliografía, etc. Includes bibliographical references and index.
520 ## - RESUMEN, ETC.
Sumario, etc. This book is about igniting the power of any manager's emotional commitment to his or her company--worth more than financial, intellectual and physical commitment combined. Sometimes companies get this from their managers in the early garage days or in times of tremendous gain, but it's almost unheard of to get it on a sustained, self-reinforced basis. Of course your company is only going to get it if you're willing to give it. Slap proves that emotional commitment comes from the ability to live your deepest personal values at work and then provides a process that allows you to use your own values to achieve success.--From publisher description.
505 0# - NOTA DE CONTENIDO CON FORMATO
Nota de contenido con formato A manager's dream : what managers want most from their companies -- Successful and fulfilled managers explain how they became plenty more of both -- pt. 1. It takes a value proposition. What lies underneath : introducing the most valuable and elusive type of manager commitment -- The mystery achievement : how this book is going to help you as management, manager and human being -- Time waits for no manager : do the math before it does you --
505 0# - NOTA DE CONTENIDO CON FORMATO
Nota de contenido con formato pt. 2. Wallet, heart, keys. The company dream : what companies want most from managers -- A tale of two companies : where the weird and wonderful happens -- The dream denied : why companies don't allow what they want most from managers -- How a manager's brain works, and doesn't : why most corporate reasoning is meaningless to a manager's real thinking -- Pinch me, I'm dreamin' : dreams collide: no casualties --
505 0# - NOTA DE CONTENIDO CON FORMATO
Nota de contenido con formato pt. 3. You must, you can. How to decide what's truly most important to you : why it's a whole lot harder than it seems and what to do about that -- How to sell it to yourself : the ten reasons that usually stop managers and why they're not going to stop you -- How to sell it to your people : how to turn what's most important to you into a compelling cause for others -- How to sell it to your company : how to turn what's most important to you into business impact and career success --
505 0# - NOTA DE CONTENIDO CON FORMATO
Nota de contenido con formato pt. 4. Get on with it. Personal implementation : first steps to individual fulfillment -- Organizational implementation : first steps to enterprise-wide results -- You must remember this : the purpose, the path, the whole point --
505 0# - NOTA DE CONTENIDO CON FORMATO
Nota de contenido con formato pt. 5. Under the hood : research proof points, notes, acknowledgments and the inevitable primate studies, Sun Tzu and Rumi quotes.
650 #0 - PUNTO DE ACCESO ADICIONAL DE MATERIA--TÉRMINO DE MATERIA
Término de materia o nombre geográfico como elemento de entrada Management.
650 #0 - PUNTO DE ACCESO ADICIONAL DE MATERIA--TÉRMINO DE MATERIA
Término de materia o nombre geográfico como elemento de entrada Organizational effectiveness.
650 #0 - PUNTO DE ACCESO ADICIONAL DE MATERIA--TÉRMINO DE MATERIA
Término de materia o nombre geográfico como elemento de entrada Success in business.
650 #4 - PUNTO DE ACCESO ADICIONAL DE MATERIA--TÉRMINO DE MATERIA
Término de materia o nombre geográfico como elemento de entrada Administración.
650 #4 - PUNTO DE ACCESO ADICIONAL DE MATERIA--TÉRMINO DE MATERIA
Término de materia o nombre geográfico como elemento de entrada Efectividad organizacional.
650 #4 - PUNTO DE ACCESO ADICIONAL DE MATERIA--TÉRMINO DE MATERIA
Término de materia o nombre geográfico como elemento de entrada Exito en los negocios.
856 42 - LOCALIZACIÓN Y ACCESO ELECTRÓNICOS
Materiales especificados Contributor biographical information
Identificador Uniforme de Recursos <a href="http://www.loc.gov/catdir/enhancements/fy1110/2010005388-b.html">http://www.loc.gov/catdir/enhancements/fy1110/2010005388-b.html</a>
856 42 - LOCALIZACIÓN Y ACCESO ELECTRÓNICOS
Materiales especificados Publisher description
Identificador Uniforme de Recursos <a href="http://www.loc.gov/catdir/enhancements/fy1110/2010005388-d.html">http://www.loc.gov/catdir/enhancements/fy1110/2010005388-d.html</a>
925 0# -
-- acquire
-- 2 shelf copies
-- policy default
-- claim1 2010-12-15
942 ## - ELEMENTOS DE ENTRADA SECUNDARIOS (KOHA)
Fuente del sistema de clasificación o colocación Clasificación de Library of Congress
Tipo de ítem Koha
Holdings
Estatus retirado Estado de pérdida Fuente del sistema de clasificación o colocación Estado de daño No para préstamo Colección Biblioteca de origen Biblioteca actual Ubicación en estantería Fecha de adquisición Serial enumeration / chronology Signatura topográfica completa Código de barras Visto por última vez Copia número Tipo de ítem Koha
    Clasificación de Library of Congress     Ciencias Sociales Biblioteca Juan Bosch Biblioteca Juan Bosch Ciencias Sociales (3er. Piso) 10/04/2023 1 HD 31 S631b 2010 00000104394 24/10/2018 1